000 00642nam a2200217Ia 4500
001 10325
003 GE_BSU
008 181216s||||||||xx |||||||||||||| ||und||
040 _cGE_BSU
080 _a821.353.1–31
100 _aფანჯიკიძე,გურამ
245 _aსპირალი
245 _bრომანი
245 _cრედ.გ.გვერდწითელი.მხატვ.ქ.ყიფიანი
260 _aთბილისი
260 _bმერანი
260 _c1985
300 _a471გვ.ილ.20სმ.
653 _aსამი რომანი
942 _cBK
999 _c43591
_d43591